000 00664nam a2200253 4500
003 EC-UNACH
005 20250812144611.0
006 s||||gr|||| 00| 00
008 150116t9999 mx r gr 000 0 spa d
040 _aEC-UNACH
_cEC-UNACH
041 _aspa
082 0 4 _223
_a900
_bL017977
110 _aDiario El Comercio
245 _aQuito 1973
_bEnero - Febrero 1/6
250 _aFirst Edition
264 _aQuito- Ecuador
_bDiario El Comercio
_c2014
300 _a.
_c12 x 14 cm
_eCD
505 _a.
942 _2ddc
_c7
999 _c13612